Brytyjska historia - prawda czy fałsz? #1 - Statystyki

Ogólne statystyki
  • Ten quiz został rozwiązany 92 razy
  • Średni wynik to 11 z 15
Statystyki odpowiedzi
Zagadnienie Odpowiedź % Poprawnych
Kiedyś Królewska Marynarka Wojenna wydawała swoim marynarzom racje rumu Prawda
97%
Żadna kobieta nigdy nie pełniła funkcji premiera Wielkiej Brytanii. Fałsz
94%
Rewolucja przemysłowa rozpoczęła się w Wielkiej Brytanii Prawda
94%
W szczytowym okresie Imperium Brytyjskie było największym imperium w historii świata Prawda
87%
Żaden angielski król nigdy nie zginął w bitwie Fałsz
84%
Anglia była pierwszym krajem, który skolonizował Amerykę Fałsz
84%
Wojna stuletnia była konfliktem pomiędzy Anglią a Francją Prawda
84%
Henryk VIII został ekskomunikowany przez papieża Prawda
81%
W roku 1500 Walia miała większą populację niż Anglia Fałsz
77%
Angielska dynastia Stuartów pochodziła ze Szkocji Prawda
74%
Król Artur został pochowany w Opactwie Westminsterskim Fałsz
65%
Często uważa się, że Porozumienie Wielkopiątkowe z 1998 r. zakończyło „kłopoty” w Irlandii Północnej Prawda
65%
Uważa się, że królowa Wiktoria zmarła jako dziewica Fałsz
58%
Sasi byli pierwotnymi mieszkańcami Wielkiej Brytanii Fałsz
52%
Patron Anglii, św. Jerzy, właściwie większość swojego życia spędził w Szkocji Fałsz
16%
Nie znaleziono quizów pasujących do podanych kryteriów
Rozkład punktacji
Procent ludzi z każdym wynikiem
Percentyl według liczby udzielonych odpowiedzi
Twoja historia wyników
Nie rozwiązałeś tego quizu